000 00664nam a2200253 4500
001 2015
010 _a9789722548267
021 _aPT
_b537881/24
090 _a2015
100 _a20251212d2025 m||y0pory50030103ba
101 _apor
102 _aPT
200 _aMisery
_fStephen King
_gtrad. Magda Viana
205 _a2ª edição
210 _aLisboa
_cBertrand
_d2025
215 _a350, [2] p.
_d24 cm
300 _aBMB-Registado
606 _9795
_aLiteratura Americana
606 _9778
_aRomance Policial
675 _a821.111(73)-312.4
_vBMB
_zpor
700 _aKing
_bStephen
_f1947-
_91862
702 _aViana
_bMagda
_4730
_92888
801 _aPT
_bBMB
_gRPC
990 _cLIVROS